Представление документа в формате MARC21

Поле Инд. ПП Название Значение
Тип записи a
Библиографический уровень m
001 Контрольный номер RU/LIBMSTU/265131836
005 Дата корректировки 20200528115215.5
020 00 a ISBN 5-279-02680-8
c Цена, тираж 406-25
084 a Индекс другой классификации/Индекс ББК 65.261
090 00 a Полочн. индекс 65.26
x Авторский знак Ф 59
245 00 a Заглавие Финансовая система и экономика
c Ответственность [Нестеров В. В. и др.] ; под ред. В. В. Нестерова, Н. С. Желтова
260 00 a Место издания Москва
b Издательство Финансы и статистика
c Дата издания 2004
300 00 a Объем 430, [1] с.
650 _4 a Основная рубрика Финансовая система
653 00 a Ключевые слова Бюджетное устройство
a Ключевые слова Государственный кредит
a Ключевые слова Технологии информационные
a Ключевые слова Казначейская система
a Ключевые слова Налоговые системы
a Ключевые слова Федеральный бюджет
a Ключевые слова Финансовые системы
a Ключевые слова Финансы предприятий
990 00 f Даты поступлений (DOS) 10.05